ARRUPE JESUIT UNIVERSITY

CORONAVIRUS -STOP THE SPREAD - CLEAN,DISINFECT,COVER

An introduction to metaphysics. (Record no. 121592)

MARC details
000 -LEADER
fixed length control field 00787cam a22002771 4500
001 - CONTROL NUMBER
control field 979221
003 - CONTROL NUMBER IDENTIFIER
control field ARRUPE
005 - DATE AND TIME OF LATEST TRANSACTION
control field 20150113020009.0
008 - FIXED-LENGTH DATA ELEMENTS--GENERAL INFORMATION
fixed length control field 730109s1959 ctu 000 0 eng
010 ## - LIBRARY OF CONGRESS CONTROL NUMBER
LC control number 59006796 //r893
020 ## - INTERNATIONAL STANDARD BOOK NUMBER
International Standard Book Number 0300017405 (pbk.)
035 ## - SYSTEM CONTROL NUMBER
System control number (OCoLC)ocm00373582
040 ## - CATALOGING SOURCE
Original cataloging agency DLC
Transcribing agency DLC
Modifying agency m.c.
-- ZCU
041 1# - LANGUAGE CODE
Language code of text/sound track or separate title engger
050 0# - LIBRARY OF CONGRESS CALL NUMBER
Classification number BD331
Item number .H4313
082 ## - DEWEY DECIMAL CLASSIFICATION NUMBER
Classification number 111
099 ## - LOCAL FREE-TEXT CALL NUMBER (OCLC)
Classification number 111
-- H36383
300 ## - PHYSICAL DESCRIPTION
Dimensions 22 cm.
100 1# - MAIN ENTRY--PERSONAL NAME
Personal name Heidegger, Martin,
Dates associated with a name 1889-1976.
9 (RLIN) 13732
240 10 - UNIFORM TITLE
Uniform title <a href="Einführung in die Metaphysik.">Einführung in die Metaphysik.</a>
Language of a work English
245 03 - TITLE STATEMENT
Title An introduction to metaphysics.
Statement of responsibility, etc Translated by Ralph Manheim.
260 ## - PUBLICATION, DISTRIBUTION, ETC. (IMPRINT)
Place of publication, distribution, etc New Haven,
Name of publisher, distributor, etc Yale University Press,
Date of publication, distribution, etc 1959.
300 ## - PHYSICAL DESCRIPTION
Extent xi, 214 p.
650 #0 - SUBJECT ADDED ENTRY--TOPICAL TERM
Topical term or geographic name as entry element Ontology.
9 (RLIN) 13733
942 ## - ADDED ENTRY ELEMENTS (KOHA)
Source of classification or shelving scheme Library of Congress Classification
Koha item type Monograph ( Printed materials)
Koha issues (borrowed), all copies 1
Holdings
Withdrawn status Lost status Source of classification or shelving scheme Damaged status Not for loan Collection code Home library Current library Shelving location Date acquired Total Checkouts Full call number Barcode Date last seen Date checked out Price effective from Koha item type
    Library of Congress Classification     Main Collection ARRUPE LIBRARY ARRUPE LIBRARY Main Collection 12/01/2015 1 BD331 .H4313 46500006603 02/09/2016 12/01/2015 12/01/2015 Monograph ( Printed materials)

 

Arrupe Library. PO Box MP320 Mt Pleasant, Harare, Zimbabwe
263 242 745411|librarian@aju.ac.zw